LEADER 01452naa a2200277 a 4500 001 000000120323 003 CaOOAMICUS 005 20100225095042.0 008 100225t2009 it u000 ubita r 040 $aPUL$bita$dReb 245 00$aTeorie, strumenti, memorie /$ca cura di Gian Piero Brunetta. 260 $aMilano :$bIl Sole 24 ore,$c©2009$aTorino :$bGiulio Einaudi 300 $a2 v. ;$c22 cm. 500 $aEdizione speciale per il Sole 24 Ore. Pubblicata su licenza di Giulio Einaudi editore. 504 $aInclude riferimenti bibliografici ed indice. 650 4$aCinema$xStoria e critica.$0(OLS)http://pul/subject/23448 650 4$aCinema$xStrumenti.$0(OLS)http://pul/subject/36510 700 1 $aBrunetta, Gian Piero.$0(OLS)http://pul/name/23534 773 1 $tStoria del cinema mondiale.$dMilano : Il Sole 24 ore, ©2009 Torino : Giulio Einaudi $w()118347 850 $aPUL 852 $aPUL$W1$xDP2 Cons. Gen., Altre Classi 3$y97$m791. 4 COLL 1.11$j137960$qDDC 21$B137119$CPULBib$Z2$F137119 $H112543 $82 852 $aPUL$W1$xDP2 Cons. Gen., Altre Classi 3$y97$m791. 4 COLL 1.12$j137961$qDDC 21$B137120$CPULBib$Z2$F137120 $H112996 $82 941 1 $a9 996 $6245$aTeorie, strumenti, memorie$9(OLS)http://pul/title/150505 996 $6260$aMilano :$bIl Sole 24 ore$9(OLS)http://pul/publisher/69212 996 $6260$aTorino :$bGiulio Einaudi$9(OLS)http://pul/publisher/54573 LEADER 00805naa a2200217 u 4500 001 000000103436 003 CaOOAMICUS 005 20070226130216.0 008 061116s1979 fr u000 u fre u 020 $a2082107116 035 $a11107051 040 $aIAR$bita 100 1 $aPuech, Henri-Charles,$d1902-1986.$0(OLS)http://pul/name/7029 245 10$aCatharisme Mèdiéval et bogomilisme /$cHenri-Charles Puech. 260 $aParis :$bFlammarion,$c1979. 300 $ap. 395-428 ;$c22 cm 500 $aIAR: CCI.410 773 0 $aPuech, Henri-Charles.$tSur le manichéisme et autres essais$w()13283 996 $6020$a2082107116$9(OLS)http://pul/number/16994 996 $6245$aCatharisme Mèdiéval et bogomilisme$9(OLS)http://pul/title/130341 996 $6260$aParis :$bFlammarion$9(OLS)http://pul/publisher/48204